[Event "19th EUR-ch"]
[Site "Batumi GEO"]
[Date "2018.03.25"]
[Round "8.37"]
[White "Ferreira, Jorge Viterbo"]
[Black "Gajewski, Grzegorz"]
[Result "1/2-1/2"]
[WhiteElo "2492"]
[BlackElo "2588"]
[EventDate "2018.03.17"]
[PlyCount "82"]

1.Nf3 d5 2.g3 Nf6 3.Bg2 e6 4.O-O Be7 5.c4 O-O 6.d4 c6 7.Qc2 Nbd7 8.Nbd2 b6
9.e4 Nxe4 10.Nxe4 dxe4 11.Qxe4 Bb7 12.Bf4 Nf6 13.Qe2 c5 14.Rfd1 cxd4 15.
Nxd4 Qc8 16.Rac1 Re8 17.Nb5 Bxg2 18.Kxg2 Qc6+ 19.Qf3 Rec8 20.Qxc6 Rxc6 21.
Nd4 Rcc8 22.Kf3 h6 23.h4 a6 24.a3 Ra7 25.b4 Rd7 26.Ke2 a5 27.bxa5 bxa5 28.
Nb5 Rxd1 29.Kxd1 Ne4 30.Ke2 g5 31.hxg5 hxg5 32.Be3 f5 33.Rc2 a4 34.Na7 Ra8
35.Nb5 Kf7 36.Bb6 Rb8 37.Bc7 Rh8 38.Bb6 Rh2 39.Kd3 Nc5+ 40.Kc3 Ne4+ 41.Kd3
Nc5+ 1/2-1/2

[Event "19th EUR-ch"]
[Site "Batumi GEO"]
[Date "2018.03.25"]
[Round "8.38"]
[White "Nesterov, Arseniy"]
[Black "Svane, Rasmus"]
[Result "0-1"]
[WhiteElo "2388"]
[BlackElo "2587"]
[EventDate "2018.03.17"]
[PlyCount "140"]

1.d4 Nf6 2.c4 e6 3.Nf3 d5 4.Bg5 dxc4 5.Qa4+ Nbd7 6.e3 Be7 7.Bxc4 O-O 8.Be2
a6 9.O-O c5 10.Rd1 b5 11.Qc2 Qb6 12.Nc3 Bb7 13.Ne5 Rad8 14.Rac1 cxd4 15.
Nxd7 Rxd7 16.exd4 Rxd4 17.Be3 Rxd1+ 18.Nxd1 Qd6 19.a4 bxa4 20.Qxa4 Nd5 21.
Bc5 Qe5 22.Bf1 Bxc5 23.Rxc5 Qd6 24.Rc1 Qb6 25.Qc4 h6 26.Bd3 Qd6 27.Qe4 g6 
28.Bf1 Rb8 29.Qd4 Rd8 30.Ne3 Nxe3 31.Qxe3 Kg7 32.h3 Qd4 33.Qxd4+ Rxd4 34.
Ra1 Rd6 35.h4 Kf6 36.b4 Rb6 37.g3 Ke5 38.Ra5+ Bd5 39.Rxa6 Rxb4 40.Ra1 g5 
41.hxg5 hxg5 42.Bg2 f5 43.Re1+ Kd6 44.Re2 Rb1+ 45.Kh2 g4 46.Rd2 Kc5 47.
Rc2+ Kd4 48.Rd2+ Kc4 49.Re2 Kd3 50.Re3+ Kd4 51.Ra3 Bc4 52.Ra5 e5 53.Bc6 
Rb6 54.Bg2 Rb2 55.Kg1 Rb1+ 56.Kh2 Bb5 57.Ra8 e4 58.Rb8 Bd3 59.Rd8+ Kc3 60.
Rd5 Rb5 61.Rxb5 Bxb5 62.Kg1 Kd2 63.Kh2 Ke1 64.Kg1 Be2 65.Bh1 Bf3 66.Bg2 
Bxg2 67.Kxg2 Ke2 68.Kg1 e3 69.fxe3 Kxe3 70.Kg2 Ke2 0-1

[Event "19th EUR-ch"]
[Site "Batumi GEO"]
[Date "2018.03.25"]
[Round "8.40"]
[White "Triapishko, Alexandr"]
[Black "Kuzubov, Yuriy"]
[Result "0-1"]
[WhiteElo "2530"]
[BlackElo "2689"]
[EventDate "2018.03.17"]
[PlyCount "72"]

1.e4 c5 2.Nf3 d6 3.d4 cxd4 4.Nxd4 Nf6 5.f3 e5 6.Nb3 Be6 7.c4 Nbd7 8.Be3 
Rc8 9.Na3 a6 10.Be2 Be7 11.O-O O-O 12.Qd2 Qc7 13.Rac1 Qb8 14.Rfd1 h6 15.
Bf1 Rfd8 16.Na1 Nc5 17.N1c2 b5 18.Qa5 Rd7 19.b3 Rb7 20.cxb5 axb5 21.Nxb5 
d5 22.b4 Bd8 23.Qa3 Ncxe4 24.fxe4 d4 25.Ncxd4 exd4 26.Rxc8 Bxc8 27.Rxd4 
Bb6 28.Rd6 Bd7 29.e5 Bxb5 30.Bxb5 Ne4 31.Rd1 Rc7 32.e6 Rc3 33.exf7+ Kf8 
34.Qa6 Bxe3+ 35.Kh1 Nf2+ 36.Kg1 Nxd1+ 0-1

[Event "19th EUR-ch"]
[Site "Batumi GEO"]
[Date "2018.03.25"]
[Round "8.41"]
[White "Jobava, Baadur"]
[Black "Kelires, Andreas"]
[Result "0-1"]
[WhiteElo "2685"]
[BlackElo "2523"]
[EventDate "2018.03.17"]
[PlyCount "72"]

1.Nc3 d5 2.e3 Nf6 3.d4 g6 4.b3 Bg7 5.Bb2 O-O 6.Qd2 c5 7.f3 cxd4 8.exd4 Nc6
9.O-O-O a6 10.Kb1 Qd6 11.h4 h5 12.Qf2 b5 13.Bd3 Nb4 14.Nge2 Nxd3 15.Rxd3 
Bf5 16.Rd2 Rfc8 17.Qe3 Ra7 18.g3 Rac7 19.Rc1 Kh7 20.Nf4 Bh6 21.Nd1 Nd7 22.
Nf2 e6 23.N2d3 Bxd3 24.cxd3 Nf6 25.Rc5 Nd7 26.b4 a5 27.a3 axb4 28.axb4 Qa6
29.g4 e5 30.dxe5 Nxc5 31.bxc5 Rxc5 32.g5 b4 33.Ne2 b3 34.Bc3 Rxc3 35.Nxc3 
Rxc3 36.Qd4 Qc6 0-1

[Event "19th EUR-ch"]
[Site "Batumi GEO"]
[Date "2018.03.25"]
[Round "8.42"]
[White "Baron, Tal"]
[Black "Motylev, Alexander"]
[Result "0-1"]
[WhiteElo "2529"]
[BlackElo "2669"]
[EventDate "2018.03.17"]
[PlyCount "122"]

1.b3 e5 2.Bb2 Nc6 3.e3 Nf6 4.h3 a6 5.Nf3 e4 6.Nd4 Nxd4 7.Bxd4 d5 8.d3 Bb4+
9.Nd2 c5 10.Bb2 O-O 11.a3 Ba5 12.d4 cxd4 13.Bxd4 Bb6 14.c3 Be6 15.Be2 Nd7 
16.g3 Bc7 17.Ra2 Ne5 18.c4 dxc4 19.Nxc4 Nc6 20.Bc5 Qxd1+ 21.Bxd1 Rfd8 22.
Rc2 Ne5 23.Be2 Nd3+ 24.Bxd3 Rxd3 25.Rb2 Rc8 26.Bd4 b5 27.Nd2 Be5 28.Ke2 
Bxd4 29.exd4 Rxd4 30.Ke3 Rd3+ 31.Kf4 Rcd8 32.Nxe4 Bxb3 33.Re1 f6 34.Re3 
Bc4 35.Nc5 Rxe3 36.Kxe3 a5 37.Rd2 Re8+ 38.Kd4 Rd8+ 39.Ke3 Rb8 40.Rd7 b4 
41.axb4 axb4 42.Rb7 Rxb7 43.Nxb7 g5 44.Kd4 Be6 45.h4 gxh4 46.gxh4 b3 47.
Kc3 Kf7 48.Nd8+ Ke7 49.Nc6+ Kd6 50.Nd4 Bf7 51.f4 Be6 52.Ne2 Bg4 53.Ng3 Kd5
54.Nf1 Ke4 55.Nd2+ Kxf4 56.Nxb3 Kg3 57.Kd2 Kxh4 58.Ke1 Kg3 59.Kf1 h5 60.
Kg1 f5 61.Nd2 Be2 0-1

[Event "19th EUR-ch"]
[Site "Batumi GEO"]
[Date "2018.03.25"]
[Round "8.43"]
[White "Lenic, Luka"]
[Black "Kriebel, Tadeas"]
[Result "1-0"]
[WhiteElo "2662"]
[BlackElo "2520"]
[EventDate "2018.03.17"]
[PlyCount "89"]

1.d4 d5 2.c4 dxc4 3.Nf3 Nf6 4.e3 Bg4 5.Bxc4 e6 6.Nc3 Nc6 7.O-O Bd6 8.Bb5 
O-O 9.h3 Bh5 10.b3 Nb4 11.Be2 c5 12.a3 cxd4 13.Nxd4 Bxe2 14.Qxe2 Nbd5 15.
Nxd5 Nxd5 16.Bb2 Rc8 17.Nb5 Bb8 18.Rac1 Qg5 19.Nd4 a6 20.Nf3 Qf5 21.Rc4 b5
22.Nh4 bxc4 23.Nxf5 c3 24.Nd4 cxb2 25.Qxb2 Be5 26.Rc1 Rxc1+ 27.Qxc1 Bxd4 
28.exd4 Rb8 29.Qc4 g5 30.b4 Rb6 31.Qc1 h6 32.h4 Nf4 33.Kh2 Rd6 34.hxg5 
hxg5 35.Qc5 Rd5 36.Qc8+ Kg7 37.Qxa6 Rxd4 38.Qa5 Kg6 39.b5 Nd3 40.Qc3 e5 
41.b6 f5 42.Qxd4 exd4 43.b7 Nxf2 44.b8=Q Kh5 45.Qh8+ 1-0

[Event "19th EUR-ch"]
[Site "Batumi GEO"]
[Date "2018.03.25"]
[Round "8.44"]
[White "Kantor, Gergely"]
[Black "Moiseenko, Olexandr"]
[Result "1-0"]
[WhiteElo "2527"]
[BlackElo "2659"]
[EventDate "2018.03.17"]
[PlyCount "97"]

1.d4 e6 2.e4 d5 3.Nc3 Bb4 4.e5 c5 5.a3 Bxc3+ 6.bxc3 Ne7 7.Qg4 Kf8 8.Nf3 
Qa5 9.Bd2 Qa4 10.h3 Qxc2 11.dxc5 Nd7 12.Rc1 Qe4+ 13.Qxe4 dxe4 14.Ng5 Nxe5 
15.Nxe4 Bd7 16.Nd6 Bc6 17.Be3 Nd5 18.Bd4 Nd7 19.f3 e5 20.Bf2 Ke7 21.Bc4 g6
22.Rd1 Nxc3 23.Rc1 Nd5 24.Rd1 Nf4 25.Nxf7 Nxg2+ 26.Kf1 Bxf3 27.Rxd7+ Kxd7 
28.Nxe5+ Kc7 29.Nxf3 Nf4 30.Bd4 Rhf8 31.Be5+ Kc8 32.Bd6 Rf6 33.Kf2 b6 34.
Ba6+ Kd8 35.Rd1 Nxh3+ 36.Kg3 Ke8 37.Bb7 Rd8 38.Kxh3 bxc5 39.Re1+ Kd7 40.
Be7 Rb6 41.Bxd8 Rxb7 42.Re7+ Kc8 43.Rxb7 Kxb7 44.Ne5 c4 45.Nxc4 Kc6 46.
Ne5+ Kd5 47.Nf7 Kc4 48.Kh4 Kb3 49.Be7 1-0

[Event "19th EUR-ch"]
[Site "Batumi GEO"]
[Date "2018.03.25"]
[Round "8.45"]
[White "Kovalev, Vladislav"]
[Black "Godena, Michele"]
[Result "1/2-1/2"]
[WhiteElo "2650"]
[BlackElo "2505"]
[EventDate "2018.03.17"]
[PlyCount "82"]

1.e4 e5 2.Nf3 Nc6 3.Bb5 a6 4.Ba4 Nf6 5.O-O b5 6.Bb3 Bc5 7.c3 d6 8.d4 Bb6 
9.a4 Bg4 10.Bg5 Rb8 11.axb5 axb5 12.Qd3 Bxf3 13.gxf3 Qd7 14.Be3 O-O 15.Nd2
Qh3 16.Rfd1 exd4 17.cxd4 Nh5 18.Qf1 Qh4 19.Nb1 Qf6 20.Nc3 Nxd4 21.Bxd4 
Bxd4 22.Nd5 Qg5+ 23.Qg2 Qxg2+ 24.Kxg2 Bxb2 25.Rab1 Be5 26.Nxc7 Nf4+ 27.Kf1
Rfc8 28.Nd5 Nxd5 29.Rxd5 g6 30.Kg2 Kg7 31.Rd3 b4 32.Rd2 Rc3 33.Ra2 Rc7 34.
Bd5 Bf4 35.Ra4 Bd2 36.Ra6 Bf4 37.Ra4 Bd2 38.Ra6 Rc1 39.Rxc1 Bxc1 40.Bb3 
Bf4 41.Ra7 Rf8 1/2-1/2

[Event "19th EUR-ch"]
[Site "Batumi GEO"]
[Date "2018.03.25"]
[Round "8.46"]
[White "Krasenkow, Michal"]
[Black "Nguyen, Thai Dai Van"]
[Result "1/2-1/2"]
[WhiteElo "2644"]
[BlackElo "2517"]
[EventDate "2018.03.17"]
[PlyCount "117"]

1.d4 Nf6 2.c4 e6 3.Nf3 d5 4.Nc3 c5 5.cxd5 Nxd5 6.e4 Nxc3 7.bxc3 cxd4 8.
cxd4 Bb4+ 9.Bd2 Bxd2+ 10.Qxd2 O-O 11.Bc4 Nd7 12.O-O b6 13.a4 Bb7 14.Rfe1 
Nf6 15.e5 Nd5 16.Ng5 Ne7 17.Bd3 h6 18.Be4 Bd5 19.Nh3 Bxe4 20.Rxe4 Nd5 21.
Rg4 Kh8 22.Nf4 Nxf4 23.Qxf4 Rc8 24.h3 Rc3 25.Qd2 Qc7 26.d5 Qxe5 27.Re1 Rd3
28.Qb4 Qb8 29.dxe6 fxe6 30.Qe7 Rg8 31.Qxe6 Qd6 32.Qf7 Rd1 33.Rxd1 Qxd1+ 
34.Kh2 Qd6+ 35.f4 Qf6 36.Qc7 a5 37.Rg3 Rf8 38.Rf3 Rf7 39.Qc4 Rf8 40.Rf2 
Qd6 41.g3 Re8 42.h4 Qc5 43.Qxc5 bxc5 44.Rc2 Re4 45.Rxc5 Rxa4 46.Rc8+ Kh7 
47.h5 Rb4 48.Ra8 Rb5 49.g4 Rb2+ 50.Kg3 Rb3+ 51.Kf2 Rb4 52.Kf3 Rb3+ 53.Ke4 
Rb4+ 54.Ke5 Rb5+ 55.Kd6 Rb6+ 56.Kc5 Rb4 57.Rf8 g5 58.hxg6+ Kxg6 59.g5 
1/2-1/2

[Event "19th EUR-ch"]
[Site "Batumi GEO"]
[Date "2018.03.25"]
[Round "8.47"]
[White "Djukic, Nikola"]
[Black "Kovalenko, Igor"]
[Result "1-0"]
[WhiteElo "2523"]
[BlackElo "2642"]
[EventDate "2018.03.17"]
[PlyCount "138"]

1.e4 e5 2.Nf3 Nc6 3.Bb5 a6 4.Ba4 Nf6 5.O-O Be7 6.Re1 b5 7.Bb3 d6 8.c3 O-O 
9.h3 Nb8 10.d4 Nbd7 11.Nbd2 Bb7 12.Bc2 Re8 13.Nf1 Bf8 14.Ng3 g6 15.a4 exd4
16.cxd4 c5 17.Bf4 cxd4 18.Nxd4 b4 19.Qd2 Nc5 20.Bg5 Rc8 21.Qxb4 h6 22.Be3 
d5 23.e5 Rxe5 24.Nf3 Re6 25.Qd2 Nfe4 26.Nxe4 dxe4 27.Qxd8 Rxd8 28.Nd4 Rb6 
29.Nb3 Rxb3 30.Bxc5 Bxc5 31.Bxb3 Rd2 32.Rec1 Bxf2+ 33.Kf1 e3 34.Rc2 Rd7 
35.Bc4 Rd6 36.Bxf7+ Kxf7 37.Rc7+ Kf6 38.Rxb7 Rd2 39.Ra3 Ke5 40.Rb4 h5 41.
Rc3 a5 42.Rbc4 Rxb2 43.Rc2 Rb1+ 44.Ke2 Ra1 45.Kf3 Kf6 46.Rc1 Ra2 47.Re4 
Kg7 48.h4 Rd2 49.Rc7+ Kf6 50.Rc6+ Kf7 51.Rf4+ Kg7 52.Rff6 Bxh4 53.Rxg6+ 
Kf7 54.Kxe3 Ra2 55.Rgd6 Ra3+ 56.Rd3 Bg5+ 57.Ke4 Rxa4+ 58.Kf5 Be7 59.Rh6 
Ra2 60.Rh7+ Kf8 61.Rc3 Rf2+ 62.Ke4 Ke8 63.Rc7 Re2+ 64.Kf3 Re5 65.Ra7 h4 
66.Kf4 Re2 67.Rxa5 Kd7 68.Ra7+ Kd6 69.Raxe7 Kd5 1-0

[Event "19th EUR-ch"]
[Site "Batumi GEO"]
[Date "2018.03.25"]
[Round "8.48"]
[White "Movsesian, Sergei"]
[Black "Maghalashvili, Davit"]
[Result "1/2-1/2"]
[WhiteElo "2632"]
[BlackElo "2508"]
[EventDate "2018.03.17"]
[PlyCount "63"]

1.e4 e6 2.d4 d5 3.Nc3 dxe4 4.Nxe4 Nd7 5.Nf3 Ngf6 6.Nxf6+ Nxf6 7.g3 b6 8.
Bg2 Bb7 9.O-O Bd6 10.Qe2 O-O 11.Rd1 Qc8 12.b3 c5 13.Bb2 Be7 14.c4 cxd4 15.
Nxd4 Bxg2 16.Kxg2 Qb7+ 17.Qf3 Qxf3+ 18.Nxf3 Ne4 19.Ne5 Bf6 20.f4 Rfd8 21.
Kf3 Bxe5 22.Bxe5 Nf6 23.Bc7 Rdc8 24.Bd6 h5 25.Rd4 b5 26.Rad1 bxc4 27.bxc4 
Rc6 28.Be7 Kh7 29.Rb1 Rac8 30.Rb4 Ng8 31.Rb7 Nxe7 32.Rxe7 1/2-1/2

[Event "19th EUR-ch"]
[Site "Batumi GEO"]
[Date "2018.03.25"]
[Round "8.49"]
[White "Steinberg, Nitzan"]
[Black "Indjic, Aleksandar"]
[Result "1/2-1/2"]
[WhiteElo "2518"]
[BlackElo "2623"]
[EventDate "2018.03.17"]
[PlyCount "114"]

1.e4 c5 2.Nf3 d6 3.d4 cxd4 4.Nxd4 Nf6 5.Nc3 a6 6.Be2 e5 7.Nf3 h6 8.Nd2 b5 
9.a4 b4 10.Nd5 Nxd5 11.exd5 Be7 12.a5 Nd7 13.Nc4 O-O 14.O-O Rb8 15.f4 Rb5 
16.fxe5 dxe5 17.d6 Bg5 18.Bxg5 Qxg5 19.Qc1 Qg6 20.Qe3 e4 21.Rad1 Rg5 22.
Rf2 Nf6 23.h4 Rb5 24.h5 Nxh5 25.d7 Bxd7 26.Rxd7 Ng3 27.Rd6 f6 28.Qd4 Qg5 
29.Rd8 Qh4 30.Rxf8+ Kh7 31.Rf4 Qxf4 32.Bf3 exf3 33.Qxf4 Ne2+ 34.Kf2 Nxf4 
35.Kxf3 Ne6 36.Ra8 Rc5 37.b3 Nd4+ 38.Ke4 Nxc2 39.Rxa6 Na1 40.Nd2 Rc3 41.
Rb6 Nxb3 42.Nxb3 Rxb3 43.a6 Rg3 44.a7 Ra3 45.Rb7 h5 46.Kd4 h4 47.Kc4 b3 
48.Kc3 Kh6 49.Kb2 Ra6 50.Kxb3 g5 51.Kc4 Kh5 52.Kb5 Ra1 53.Rc7 f5 54.Kb6 g4
55.Rc5 Rxa7 56.Kxa7 Kg5 57.Rc3 h3 1/2-1/2

[Event "19th EUR-ch"]
[Site "Batumi GEO"]
[Date "2018.03.25"]
[Round "8.50"]
[White "Matinian, Nikita"]
[Black "Oparin, Grigoriy"]
[Result "1/2-1/2"]
[WhiteElo "2514"]
[BlackElo "2622"]
[EventDate "2018.03.17"]
[PlyCount "177"]

1.e4 c5 2.Nf3 d6 3.d4 cxd4 4.Nxd4 Nf6 5.Nc3 a6 6.Bg5 e6 7.f4 h6 8.Bh4 Qb6 
9.Qd3 Qxb2 10.Rb1 Qa3 11.f5 Be7 12.fxe6 Bxe6 13.Nxe6 fxe6 14.e5 dxe5 15.
Qg6+ Kf8 16.Rb3 Qc1+ 17.Nd1 Nc6 18.Rg3 Rg8 19.Bxf6 Bxf6 20.Bd3 Ke7 21.O-O 
Rgf8 22.Nc3 Qb2 23.Ne4 Rf7 24.Rgf3 Raf8 25.g4 Kd8 26.h4 Ne7 27.Qh5 Nd5 28.
g5 hxg5 29.hxg5 Qb6+ 30.Kh1 Nf4 31.Rxf4 exf4 32.gxf6 gxf6 33.Rxf4 Qc6 34.
Kg1 Rg7+ 35.Kf1 f5 36.Qh4+ Kc8 37.Ng5 Kb8 38.Rc4 Qd6 39.Rd4 Qe7 40.Nf3 
Qxh4 41.Rxh4 Re7 42.Ne5 Rc8 43.Ke2 Rc5 44.Ng6 Rf7 45.Rh8+ Kc7 46.Nf4 Kd7 
47.Rb8 Kd6 48.Rd8+ Rd7 49.Rf8 Re7 50.Kd2 Ra5 51.Rd8+ Kc7 52.Rf8 Kd6 53.
Rd8+ Rd7 54.Rh8 e5 55.Ne2 Kc7 56.Kc3 e4 57.Bc4 Re5 58.Nf4 b5 59.Be6 Rd6 
60.Rf8 e3 61.Rxf5 Rdxe6 62.Nxe6+ Rxe6 63.Rf1 Kb6 64.Re1 Ka5 65.Kd3 Kb4 66.
c3+ Ka3 67.Re2 Rd6+ 68.Kc2 Re6 69.Kb1 Re8 70.Kc1 a5 71.Kb1 a4 72.Kc1 Re4 
73.Kb1 Rh4 74.Rxe3 Rh1+ 75.Kc2 Kxa2 76.Re2 Rb1 77.Re5 Rb2+ 78.Kc1 a3 79.
Rh5 Ka1 80.Rg5 Rb3 81.Kc2 Rb1 82.Rh5 Ka2 83.Rg5 Rb2+ 84.Kc1 Ka1 85.Rh5 a2 
86.Rg5 b4 87.cxb4 Rxb4 88.Rc5 Rc4+ 89.Rxc4 1/2-1/2

[Event "19th EUR-ch"]
[Site "Batumi GEO"]
[Date "2018.03.25"]
[Round "8.51"]
[White "Vocaturo, Daniele"]
[Black "Sanikidze, Tornike"]
[Result "0-1"]
[WhiteElo "2620"]
[BlackElo "2501"]
[EventDate "2018.03.17"]
[PlyCount "62"]

1.d4 Nf6 2.c4 e6 3.Nc3 Bb4 4.Nf3 d5 5.cxd5 exd5 6.Bg5 h6 7.Bh4 c5 8.e3 c4 
9.Be2 g5 10.Bg3 Ne4 11.Rc1 Qa5 12.Ne5 O-O 13.Bf3 Nxg3 14.hxg3 Kg7 15.Bh5 
Nc6 16.f4 f6 17.Be8 Nxe5 18.fxe5 Rxe8 19.exf6+ Kxf6 20.Qf3+ Ke7 21.O-O Be6
22.Qf6+ Kd7 23.e4 Be7 24.Qg6 Rg8 25.Qh5 Qb6 26.Kh2 Raf8 27.exd5 Bf5 28.
Rce1 Qxd4 29.Qe2 Bd6 30.Kh1 Qd3 31.Qh5 Qxg3 0-1

[Event "19th EUR-ch"]
[Site "Batumi GEO"]
[Date "2018.03.25"]
[Round "8.52"]
[White "Yilmaz, Mustafa"]
[Black "Goryachkina, Aleksandra"]
[Result "1-0"]
[WhiteElo "2619"]
[BlackElo "2491"]
[EventDate "2018.03.17"]
[PlyCount "159"]

1.d4 d5 2.c4 c6 3.Nf3 Nf6 4.Nc3 e6 5.Bg5 Nbd7 6.cxd5 exd5 7.e3 Be7 8.Bd3 
O-O 9.Qc2 Re8 10.h3 Nf8 11.Bf4 Be6 12.O-O h6 13.Rab1 a5 14.Bh2 N8d7 15.
Rbd1 Nf8 16.Ne5 N6d7 17.f4 f6 18.Nf3 Nb6 19.g4 Nc8 20.Kh1 Nd6 21.Rg1 b5 
22.h4 Ra7 23.Rg2 Nc4 24.Bg1 Qc8 25.f5 Bf7 26.b3 Nd6 27.Bh2 Qd8 28.Rdg1 Nc8
29.Qf2 Nh7 30.g5 fxg5 31.Ne5 Rc7 32.Nxf7 Kxf7 33.f6 Nxf6 34.hxg5 hxg5 35.
Rxg5 Rg8 36.Bxc7 Qxc7 37.Bh7 Rh8 38.Rxg7+ Ke8 39.Qxf6 Bxf6 40.Rxc7 Ne7 41.
Kg2 Rxh7 42.Ne2 Rg7+ 43.Kf3 Rxg1 44.Nxg1 Kd8 45.Ra7 Nc8 46.Rh7 Nd6 47.Ne2 
Ne4 48.Rh2 a4 49.Ng3 Nxg3 50.Kxg3 axb3 51.axb3 Bg5 52.Kf3 Kc7 53.Rh5 Bd8 
54.Rh8 Kd7 55.Kf4 Bc7+ 56.Kf5 b4 57.Ra8 Bg3 58.Ra7+ Kd6 59.Kg4 Be1 60.Kf3 
Bc3 61.Rh7 Bd2 62.Kf4 Be1 63.Rg7 Bc3 64.Kf3 Bb2 65.Ke2 Bc3 66.Kd3 Ke6 67.
Rc7 Kd6 68.Rh7 Ke6 69.e4 dxe4+ 70.Kxe4 Kd6 71.Kd3 Kd5 72.Rh5+ Kd6 73.Kc4 
Bd2 74.Rh2 Bf4 75.Rf2 Bg5 76.Rf5 Be7 77.Kxb4 Ke6+ 78.Rc5 Bxc5+ 79.Kxc5 Kd7
80.d5 1-0

[Event "19th EUR-ch"]
[Site "Batumi GEO"]
[Date "2018.03.25"]
[Round "8.54"]
[White "Bartel, Mateusz"]
[Black "Pavlov, Sergey"]
[Result "1-0"]
[WhiteElo "2609"]
[BlackElo "2485"]
[EventDate "2018.03.17"]
[PlyCount "73"]

1.e4 c5 2.Nf3 e6 3.d4 cxd4 4.Nxd4 Nf6 5.Nc3 Nc6 6.Nxc6 bxc6 7.e5 Nd5 8.Ne4
Qc7 9.f4 Qb6 10.c4 Ne3 11.Qd3 Nf5 12.g4 Nd4 13.Bg2 h5 14.g5 h4 15.Nc3 Bb7 
16.Bd2 c5 17.Bxb7 Qxb7 18.O-O-O Rb8 19.b3 d5 20.cxd5 exd5 21.Rde1 g6 22.f5
gxf5 23.Rhf1 Be7 24.Rxf5 Nxf5 25.Qxf5 Qd7 26.e6 fxe6 27.Qe5 O-O 28.Ne4 Qe8
29.Nf6+ Bxf6 30.gxf6 Qg6 31.Qxe6+ Kh8 32.Qxd5 Rbd8 33.Qc4 Rd4 34.Qxc5 Rdd8
35.Bc3 Rc8 36.Qd4 Qxf6 37.Qxh4+ 1-0

[Event "19th EUR-ch"]
[Site "Batumi GEO"]
[Date "2018.03.25"]
[Round "8.55"]
[White "Can, Emre"]
[Black "Sargsian, Shant"]
[Result "1/2-1/2"]
[WhiteElo "2603"]
[BlackElo "2481"]
[EventDate "2018.03.17"]
[PlyCount "72"]

1.d4 Nf6 2.c4 e6 3.Nf3 d5 4.g3 Bb4+ 5.Bd2 Be7 6.Bg2 O-O 7.O-O Nbd7 8.Qc2 
c6 9.Bf4 b6 10.Rd1 Ba6 11.cxd5 Nxd5 12.Nc3 Rc8 13.Rac1 Nxf4 14.gxf4 Qc7 
15.e3 Qb8 16.f5 exf5 17.Qxf5 Rcd8 18.Ne4 Be2 19.Neg5 g6 20.Qh3 h5 21.Rd2 
Bxf3 22.Nxf3 c5 23.dxc5 Nxc5 24.Nd4 Qd6 25.Rcd1 Bf6 26.Qf3 Bxd4 27.Rxd4 
Qe7 28.Kf1 Ne6 29.Rxd8 Rxd8 30.Rxd8+ Nxd8 31.Qe4 Qf6 32.Qa8 Kg7 33.Bd5 Ne6
34.Qxa7 Qxb2 35.Bxe6 Qc1+ 36.Ke2 Qc2+ 1/2-1/2

[Event "19th EUR-ch"]
[Site "Batumi GEO"]
[Date "2018.03.25"]
[Round "8.56"]
[White "Sadikhov, Ulvi"]
[Black "Kovchan, Alexander"]
[Result "0-1"]
[WhiteElo "2477"]
[BlackElo "2596"]
[EventDate "2018.03.17"]
[PlyCount "104"]

1.e4 c5 2.Nf3 d6 3.d4 cxd4 4.Nxd4 Nf6 5.Nc3 a6 6.h3 g6 7.g4 Bg7 8.Bg2 h5 
9.g5 Nfd7 10.Be3 Nc6 11.Qd2 O-O 12.Nde2 b5 13.a3 Bb7 14.O-O Rc8 15.Rab1 
Re8 16.Rfd1 Na5 17.b3 Qc7 18.Bd4 Bxd4 19.Qxd4 Nc6 20.Qe3 Qb6 21.Nd5 Qxe3 
22.Nxe3 h4 23.Nd5 Kg7 24.f4 Nd8 25.Rd2 Ne6 26.Kf2 Nec5 27.Re1 Ba8 28.Nec3 
Ne6 29.Re3 Rc5 30.Ne2 f6 31.gxf6+ Nxf6 32.Nb6 Nh5 33.b4 Rc7 34.Nxa8 Rxa8 
35.e5 d5 36.Bxd5 Rd8 37.Kf3 Nexf4 38.Nxf4 Rf8 39.Re4 Rc3+ 40.Rd3 Rxd3+ 41.
cxd3 g5 42.Kg4 Nxf4 43.Bb7 Kh6 44.Kf3 Nxh3+ 45.Ke3 Nf2 46.Rd4 h3 47.Rd7 g4
48.Rxe7 g3 49.Re6+ Kg5 50.Re7 Ng4+ 51.Ke2 g2 52.Rg7+ Kf4 0-1

[Event "19th EUR-ch"]
[Site "Batumi GEO"]
[Date "2018.03.25"]
[Round "8.57"]
[White "Smirin, Ilia"]
[Black "Jurcik, Marian"]
[Result "1-0"]
[WhiteElo "2594"]
[BlackElo "2473"]
[EventDate "2018.03.17"]
[PlyCount "129"]

1.e4 e5 2.Nf3 Nc6 3.Bb5 a6 4.Ba4 d6 5.c3 Bd7 6.d4 Nge7 7.d5 Nb8 8.Bc2 Ng6 
9.g3 c6 10.dxc6 Nxc6 11.Nbd2 Be6 12.h4 h6 13.Qe2 Nge7 14.Nc4 Ng8 15.Be3 b5
16.Nb6 Rb8 17.Nd5 Nf6 18.Nxf6+ Qxf6 19.Nd2 Be7 20.g4 Qg6 21.f3 h5 22.g5 f5
23.gxf6 Bxf6 24.Bb3 Qf7 25.Qd3 Be7 26.Bxe6 Qxe6 27.a4 O-O 28.axb5 axb5 29.
Qd5 Nd8 30.Ke2 Rf7 31.b4 Qc8 32.Ra7 Nc6 33.Ra3 Nd8 34.Rha1 Kh7 35.Ra8 Bxh4
36.Rxb8 Qxb8 37.Rh1 Bf6 38.Rxh5+ Kg8 39.Rh1 Be7 40.Ra1 Qc8 41.Kd3 Bf8 42.
Qxb5 Ne6 43.Qd5 Nc7 44.Qc6 d5 45.exd5 Qf5+ 46.Kc4 Rd7 47.Ra7 Qf7 48.Kb3 
Rxd5 49.Qc4 Bd6 50.Bb6 Rxd2 51.Qxf7+ Kxf7 52.Bxc7 Bxc7 53.Rxc7+ Ke6 54.b5 
Kd6 55.b6 Rd1 56.Kb4 Rb1+ 57.Ka5 g5 58.c4 Ra1+ 59.Kb5 Rb1+ 60.Ka6 Ra1+ 61.
Kb7 Ra3 62.c5+ Kd5 63.c6 Rxf3 64.Rd7+ Ke6 65.c7 1-0

[Event "19th EUR-ch"]
[Site "Batumi GEO"]
[Date "2018.03.25"]
[Round "8.58"]
[White "Pantsulaia, Levan"]
[Black "Lobanov, Sergei"]
[Result "0-1"]
[WhiteElo "2593"]
[BlackElo "2468"]
[EventDate "2018.03.17"]
[PlyCount "66"]

1.Nf3 d5 2.g3 Nf6 3.Bg2 c6 4.d3 Bg4 5.Nbd2 Nbd7 6.h3 Bh5 7.g4 Bg6 8.Nh4 e6
9.e3 Bd6 10.Qe2 Qc7 11.a3 a5 12.O-O h6 13.Nxg6 fxg6 14.d4 O-O 15.c4 e5 16.
cxd5 cxd5 17.Nf3 e4 18.Nh4 Kh7 19.Bd2 Qd8 20.Be1 a4 21.Rc1 Qe7 22.Qb5 Rac8
23.Rxc8 Rxc8 24.Qxa4 Nxg4 25.hxg4 Qxh4 26.f4 Qxg4 27.Qb5 Nf6 28.Qb3 g5 29.
fxg5 Qxg5 30.Qxb7 Rc2 31.Bf2 Qh5 32.Re1 Qh2+ 33.Kf1 Bg3 0-1

[Event "19th EUR-ch"]
[Site "Batumi GEO"]
[Date "2018.03.25"]
[Round "8.59"]
[White "Hracek, Zbynek"]
[Black "Beradze, Irakli"]
[Result "1/2-1/2"]
[WhiteElo "2589"]
[BlackElo "2464"]
[EventDate "2018.03.17"]
[PlyCount "142"]

1.e4 e5 2.Nf3 Nc6 3.Bc4 Nf6 4.d3 Be7 5.O-O O-O 6.Re1 d6 7.a4 Na5 8.Ba2 c5 
9.c3 Nc6 10.Na3 Be6 11.Bxe6 fxe6 12.Bd2 Qd7 13.Nc4 Rab8 14.h3 a5 15.Qb3 
Bd8 16.Rad1 Bc7 17.Be3 Qe8 18.Ncd2 Kh8 19.Ng5 Nd8 20.d4 exd4 21.cxd4 b6 
22.e5 dxe5 23.dxc5 bxc5 24.Qc2 Nf7 25.Bxc5 Rg8 26.Nge4 Qc6 27.Rc1 Bb6 28.
Bxb6 Qxb6 29.Qc7 Rgf8 30.Qxb6 Rxb6 31.b3 Nxe4 32.Rxe4 Rd8 33.Rc2 h6 34.Kf1
Rd5 35.Re3 Nd6 36.g4 Rb4 37.Ke2 e4 38.Rc7 Rbd4 39.Nc4 Nxc4 40.Rxc4 Rd2+ 
41.Kf1 Re5 42.Rcxe4 Rxe4 43.Rxe4 Rb2 44.Re3 Kg8 45.Kg2 Kf7 46.h4 Kf6 47.
Rc3 g6 48.Rc5 Rxb3 49.g5+ hxg5 50.hxg5+ Ke7 51.Rxa5 Ra3 52.Ra6 e5 53.f3 
Kf7 54.a5 Ke7 55.Kf2 Kd7 56.Ke2 Ke7 57.Kd2 Rxf3 58.Rxg6 Ra3 59.Ra6 Kf7 60.
g6+ Kg7 61.Kc2 e4 62.Kb2 Ra4 63.Kb3 Ra1 64.Kb4 Rb1+ 65.Kc5 Ra1 66.Kd4 Ra4+
67.Ke3 Kh6 68.Kf4 Kg7 69.Kg5 e3 70.Ra7+ Kg8 71.Re7 Rxa5+ 1/2-1/2

[Event "19th EUR-ch"]
[Site "Batumi GEO"]
[Date "2018.03.25"]
[Round "8.60"]
[White "Minasian, Artashes"]
[Black "Bogner, Sebastian"]
[Result "1/2-1/2"]
[WhiteElo "2467"]
[BlackElo "2588"]
[EventDate "2018.03.17"]
[PlyCount "113"]

1.e4 c5 2.Be2 Nc6 3.f4 e6 4.Nf3 d5 5.d3 dxe4 6.dxe4 Qxd1+ 7.Bxd1 b6 8.O-O 
Bb7 9.c3 Nf6 10.Re1 O-O-O 11.Nbd2 Be7 12.Bc2 h6 13.Nc4 Ne8 14.a4 Nd6 15.
Nce5 Nxe5 16.Nxe5 Rhe8 17.a5 f5 18.exf5 exf5 19.axb6 axb6 20.b4 cxb4 21.
cxb4 Bh4 22.g3 Bf6 23.Be3 Bxe5 24.fxe5 Nc4 25.Bxf5+ Kb8 26.e6 Nxe3 27.Rxe3
Re7 28.Bh3 Rd4 29.Rf1 Bd5 30.Rf7 Rxf7 31.exf7 Bxf7 32.Re7 Ba2 33.Rxg7 Rxb4
34.Bg2 Rb1+ 35.Kf2 Rb2+ 36.Kg1 Rb1+ 37.Kf2 Rb2+ 38.Kg1 b5 39.g4 b4 40.Be4 
Bb1 41.Bxb1 Rxb1+ 42.Kg2 b3 43.Rg8+ Kc7 44.Rg7+ Kc6 45.Rg8 Rd1 46.Rb8 Rd3 
47.h4 Kc5 48.g5 hxg5 49.h5 Kc4 50.h6 Rd7 51.Kg3 Kc3 52.Kg4 b2 53.Kxg5 Kc2 
54.Rxb2+ Kxb2 55.Kg6 Rd6+ 56.Kg7 Rxh6 57.Kxh6 1/2-1/2

[Event "19th EUR-ch"]
[Site "Batumi GEO"]
[Date "2018.03.25"]
[Round "8.61"]
[White "Ivanisevic, Ivan"]
[Black "Pechac, Jergus"]
[Result "1-0"]
[WhiteElo "2587"]
[BlackElo "2440"]
[EventDate "2018.03.17"]
[PlyCount "73"]

1.d4 Nf6 2.c4 e6 3.Nc3 Bb4 4.Nf3 O-O 5.Qc2 d5 6.Bg5 h6 7.Bh4 c5 8.dxc5 Nc6
9.e3 g5 10.Bg3 Ne4 11.cxd5 exd5 12.Bd3 Bxc3+ 13.bxc3 Nxc5 14.O-O Qf6 15.
Bh7+ Kg7 16.Rad1 Rd8 17.Nd4 Bg4 18.f3 Bh5 19.Nb5 Ne7 20.c4 dxc4 21.Nc7 
Rac8 22.Qxc4 b6 23.Bb1 Bg6 24.e4 Qc6 25.Nb5 Ne6 26.Qxc6 Nxc6 27.Nd6 Ra8 
28.Rd2 Kf8 29.Rfd1 Rd7 30.Bd3 a6 31.Nc4 Rb7 32.Bf1 b5 33.Ne3 Rd8 34.Rd6 
Rxd6 35.Rxd6 Ned8 36.h4 Ke8 37.Nd5 1-0

[Event "19th EUR-ch"]
[Site "Batumi GEO"]
[Date "2018.03.25"]
[Round "8.62"]
[White "Berchtenbreiter, Maximilian"]
[Black "Vavulin, Maksim"]
[Result "0-1"]
[WhiteElo "2414"]
[BlackElo "2583"]
[EventDate "2018.03.17"]
[PlyCount "78"]

1.e4 Nf6 2.e5 Nd5 3.d4 d6 4.c4 Nb6 5.exd6 exd6 6.Nc3 Be7 7.Bd3 O-O 8.h3 
Re8 9.Nge2 Na6 10.O-O c6 11.b3 Nb4 12.Bb1 d5 13.a3 Na6 14.Re1 Nc7 15.c5 
Nd7 16.Nf4 g6 17.Ra2 Bf6 18.Rxe8+ Nxe8 19.b4 Ng7 20.Nfxd5 cxd5 21.Nxd5 Bg5
22.Re2 Ne6 23.Ba2 Ndf8 24.f4 Bh6 25.g4 Bg7 26.Be3 Qh4 27.f5 gxf5 28.gxf5 
Nxd4 29.Rg2 Nxf5 30.Bf2 Qd8 31.h4 Be6 32.h5 h6 33.b5 Nh7 34.c6 bxc6 35.
bxc6 Ng5 36.c7 Qd7 37.Bc5 Rc8 38.Rd2 Qc6 39.Qc2 Nf3+ 0-1